Statistics for 佐川急便の営業所名

Click here to take the quiz!

General Stats

  • This quiz has been taken 25 times
  • The average score is 192 of 444

Answer Stats

管轄支店営業所番号店舗名% Correct
北海道支店9010札幌営業所
90%
北海道支店9052根室営業所
90%
北海道支店9120小樽営業所
90%
南東北支店8010仙台営業所
90%
北海道支店9020函館営業所
90%
北東北支店8061八戸営業所
90%
北東北支店8060青森営業所
90%
北海道支店9030旭川営業所
90%
北東北支店8040秋田営業所
90%
北海道支店9100室蘭営業所
90%
北海道支店9070稚内営業所
90%
北海道支店9050釧路営業所
90%
北関東支店7641所沢営業所
85%
北関東支店7601さいたま営業所
85%
北東北支店8052一関営業所
85%
北海道支店9090苫小牧営業所
85%
南東北支店8023福島営業所
85%
南東北支店8030山形営業所
80%
九州支店0090佐賀営業所
80%
南東北支店8020郡山営業所
80%
南東北支店8031酒田営業所
80%
北海道支店9060北見営業所
80%
南東北支店8013白石営業所
80%
北海道支店9110岩見沢営業所
80%
北関東支店7612熊谷営業所
80%
北関東支店7083小山営業所
80%
北東北支店8062弘前営業所
80%
北関東支店7093桐生営業所
80%
北東北支店8058釜石営業所
80%
北関東支店7094前橋営業所
80%
北東北支店8054花巻営業所
80%
北東北支店8056北上営業所
80%
北東北支店8042大館営業所
80%
北海道支店9040帯広営業所
80%
北海道支店9014富良野営業所
80%
北東北支店8041横手営業所
75%
九州支店0030長崎営業所
75%
南東北支店8032米沢営業所
75%
南関東支店7770つくば営業所
75%
南東北支店8022会津若松営業所
75%
南東北支店8021いわき営業所
75%
北海道支店9062網走営業所
75%
南東北支店8015気仙沼営業所
75%
神奈川支店7030横浜営業所
75%
南東北支店8012石巻営業所
75%
中京支店6022伊勢営業所
75%
北海道支店9091千歳営業所
75%
南東北支店8033新庄営業所
75%
南東北支店8025白河営業所
75%
北陸支店5010金沢営業所
75%
信越支店5040新潟営業所
75%
北海道支店9031名寄営業所
75%
南関東支店7050千葉営業所
75%
南九州支店0050宮崎営業所
70%
西関東支店7230八王子営業所
70%
神奈川支店7330小田原営業所
70%
京都支店4010京都営業所
70%
神奈川支店7340川崎営業所
70%
南関東支店7070茨城営業所
70%
北関東支店7080栃木営業所
70%
神奈川支店7353川崎営業所(中原区南部担当)
70%
南関東支店7710土浦営業所
70%
北陸支店5030富山営業所
70%
北陸支店5020福井営業所
70%
南関東支店7055柏営業所
70%
南関東支店7052木更津営業所
70%
中京支店6010名古屋営業所
70%
関東支店7010東京営業所
70%
南九州支店0085那覇営業所
70%
北東北支店8043能代営業所
70%
九州支店0031佐世保営業所
70%
九州支店0060大分営業所
70%
北東北支店8050岩手営業所
70%
北東北支店8065五所川原営業所
70%
九州支店0010福岡営業所
70%
九州支店0011北九州営業所
70%
南九州支店0020熊本営業所
70%
北海道支店9061紋別営業所
70%
北海道支店9080滝川営業所
70%
南九州支店0040鹿児島営業所
70%
南東北支店8024相馬営業所
70%
北関東支店7841日光営業所
65%
四国支店1010高松営業所
65%
北関東支店7091太田営業所
65%
東海支店6050豊橋営業所
65%
北東北支店8045大曲営業所
65%
関東支店7016品川営業所
65%
北海道支店9032深川営業所
65%
信越支店6040松本営業所
65%
信越支店5070長野営業所
65%
南関東支店7054成田営業所
65%
南九州支店0021天草営業所
65%
信越支店5050長岡営業所
65%
四国支店1020松山営業所
65%
北関東支店7081那須営業所
65%
九州支店0015大牟田営業所
65%
四国支店1030高知営業所
65%
四国支店1040徳島営業所
65%
中国支店2090山口営業所
65%
北関東支店7162川口営業所
65%
中国支店2010広島営業所
65%
京都支店4021大津営業所
65%
北関東支店7631深谷営業所
65%
九州支店0012久留米営業所
65%
関西支店3010大阪営業所
65%
北海道支店9013倶知安営業所
65%
中京支店6080岐阜営業所
65%
京都支店3070奈良営業所
65%
東海支店6170岡崎営業所
60%
中京支店6012一宮営業所
60%
四国支店1041池田営業所
60%
南九州支店0022八代営業所
60%
神奈川支店7315横須賀営業所
60%
神奈川支店7323茅ヶ崎営業所
60%
中国支店4050鳥取営業所
60%
九州支店0181対馬営業所
60%
中国支店2040岡山営業所
60%
中国支店2030松江営業所
60%
九州支店0093唐津営業所
60%
東海支店6030静岡営業所
60%
中国支店2011呉営業所
60%
信越支店5060上越営業所
60%
東海支店6070富士営業所
60%
中京支店6015小牧営業所
60%
九州支店0092鳥栖営業所
60%
南九州支店0081沖縄営業所
60%
京都支店4030舞鶴営業所
60%
九州支店0035諫早営業所
60%
南九州支店0024人吉営業所
60%
北陸支店5022敦賀営業所
60%
北関東支店7082足利営業所
60%
北関東支店7060久喜営業所
60%
北東北支店8053二戸営業所
60%
北東北支店8044本荘営業所
60%
北東北支店8055大船渡営業所
60%
北東北支店8063十和田営業所
60%
南東北支店8011古川営業所
60%
南関東支店7057松戸営業所
60%
南関東支店7541銚子営業所
60%
北関東支店7090群馬営業所
60%
北関東支店7160越谷営業所
60%
北東北支店8057久慈営業所
55%
西関東支店7241府中営業所
55%
中国支店2091下関営業所
55%
神奈川支店7134相模原営業所
55%
中国支店4060米子営業所
55%
信越支店6042飯田営業所
55%
九州支店0033島原営業所
55%
神奈川支店7371平塚営業所
55%
中国支店2032出雲営業所
55%
京都支店4041豊岡営業所
55%
信越支店5071上田営業所
55%
神奈川支店7331厚木営業所
55%
中国支店2020福山営業所
55%
北陸支店5011能登営業所
55%
中国支店2041津山営業所
55%
九州支店0061中津営業所
55%
京都支店4040福知山営業所
55%
九州支店0064別府営業所
55%
東海支店6060浜松営業所
55%
中京支店6090四日市営業所
55%
南関東支店7072日立営業所
55%
南九州支店0052都城営業所
55%
南九州支店0051延岡営業所
55%
関東支店7013渋谷営業所
55%
南九州支店0501日南営業所
55%
東海支店6130安城営業所
55%
関西支店3105堺営業所
55%
東海支店6072伊豆営業所
55%
関西支店3014明石営業所
55%
関西支店3012神戸営業所
55%
東海支店6051豊川営業所
55%
京都支店3016田辺営業所
55%
北陸支店5024小浜営業所
55%
東海支店6013豊田営業所
55%
京都支店3017新宮営業所
55%
西関東支店7136町田営業所
55%
南九州支店0025阿蘇営業所
55%
南九州支店0041川内営業所
55%
中国支店2050浜田営業所
50%
関西支店3050姫路営業所
50%
中京支店6085高山営業所
50%
京都支店4012彦根営業所
50%
中国支店2060倉敷営業所
50%
北関東支店7151練馬営業所
50%
東海支店6071三島営業所
50%
北海道支店9019札幌東営業所
50%
関西支店3046西宮営業所
50%
中京支店6021尾鷲営業所
50%
南関東支店7552我孫子営業所
50%
京都支店3015和歌山営業所
50%
南関東支店7712古河営業所
50%
西関東支店7133三鷹営業所
50%
九州支店0062佐伯営業所
50%
南九州支店0044鹿屋営業所
50%
九州支店0091伊万里営業所
50%
南関東支店7056鴨川営業所
50%
北海道支店9021八雲営業所
50%
四国支店1023今治営業所
50%
南九州支店0852宮古島営業所
50%
南九州支店0086名護営業所
50%
南東北支店8026須賀川営業所
50%
九州支店0063日田営業所
50%
神奈川支店7317鎌倉営業所
50%
北海道支店9015札幌北営業所
50%
中国支店2095萩営業所
50%
南九州支店0043霧島営業所
50%
関東支店7155杉並営業所(南荻窪)
45%
北陸支店5031黒部営業所
45%
北陸支店5231大野営業所
45%
関東支店7017世田谷営業所
45%
関東支店7161足立営業所
45%
北関東支店7092渋川営業所
45%
関東支店7154杉並営業所
45%
関東支店7152中野営業所
45%
東海支店6061袋井営業所
45%
中国支店2094周南営業所
45%
東海支店6131西尾営業所
45%
関東支店7113赤羽営業所
45%
関西支店3030東大阪営業所
45%
南九州支店0054日向営業所
45%
京都支店4016亀岡営業所
45%
関東支店7171目黒営業所
45%
関東支店7015千代田営業所
45%
九州支店0013飯塚営業所
45%
中国支店2092岩国営業所
45%
中国支店4051倉吉営業所
45%
西関東支店7040山梨営業所
45%
四国支店1013丸亀営業所
45%
南関東支店7551野田営業所
45%
四国支店1021宇和営業所
45%
南関東支店7578流山営業所
45%
四国支店1042阿南営業所
45%
京都支店4017八幡営業所
45%
中国支店2012三次営業所
45%
中国支店2093宇部営業所
45%
北関東支店7062戸田営業所
45%
北陸支店5013加賀営業所
45%
北東北支店8066野辺地営業所
45%
北陸支店5014白山営業所
45%
京都支店4912長浜営業所
45%
北東北支店8064下北営業所
45%
中京支店6091伊賀営業所
40%
北関東支店7065東松山営業所
40%
関西支店3024枚方営業所
40%
京都支店3072天理営業所
40%
四国支店1012新居浜営業所
40%
京都支店4013守山営業所
40%
九州支店0034五島営業所
40%
関西支店3047伊丹営業所
40%
南九州支店0851石垣島営業所
40%
四国支店1032須崎営業所
40%
北海道支店9023江差営業所
40%
関西支店3052たつの営業所
40%
南九州支店0045出水営業所
40%
関西支店3048宝塚営業所
40%
信越支店5072佐久営業所
40%
南関東支店7584印西営業所
40%
東海支店6073御殿場営業所
40%
南関東支店7146浦安営業所
40%
関東支店7121羽田営業所
40%
信越支店6041伊那営業所
40%
南関東支店7053茂原営業所
40%
信越支店5061糸魚川営業所
40%
信越支店5052柏崎営業所
40%
南関東支店7542佐倉営業所
40%
東海支店6052田原営業所
40%
西関東支店7135武蔵野営業所
40%
中京支店6016港営業所
40%
神奈川支店7314戸塚営業所
40%
中国支店2021三原営業所
35%
北関東支店7095富岡営業所
35%
東海支店6312藤枝営業所
35%
関東支店7020文京営業所
35%
南関東支店7531勝浦営業所
35%
南関東支店7073那珂営業所
35%
関東支店7141荒川営業所
35%
中国支店2014東広島営業所
35%
南九州支店0055小林営業所
35%
中京支店6120多治見営業所
35%
九州支店0121筑紫野営業所
35%
東海支店6062湖西営業所
35%
九州支店0122朝倉営業所
35%
北海道支店9051中標津営業所
35%
中京支店6092鈴鹿営業所
35%
西関東支店7245東村山営業所
35%
四国支店1033安芸営業所
35%
南関東支店7512習志野営業所
30%
四国支店1031四万十営業所
30%
北海道支店9092静内営業所
30%
北海道支店9071浜頓別営業所
30%
九州支店0130宗像営業所
30%
北関東支店7621和光営業所
30%
南九州支店0047大島営業所
30%
南東北支店8100仙台南営業所
30%
神奈川支店7039横浜南営業所
30%
神奈川支店7372秦野営業所
30%
西関東支店7343稲城営業所
30%
四国支店1016四国中央営業所
30%
中国支店2061高梁営業所
30%
関東支店7011江東営業所
30%
中京支店6082羽島営業所
30%
北関東支店7086宇都宮東営業所
30%
南関東支店7711潮来営業所
30%
中京支店6861関営業所
30%
北関東支店7084矢板営業所
30%
南関東支店7058八千代営業所
25%
中京支店6020松阪営業所
25%
関西支店3026箕面営業所
25%
関西支店3022千里営業所
25%
神奈川支店7380横浜東営業所
25%
九州支店0111苅田営業所
25%
南九州支店0046南さつま営業所
25%
中京支店6912亀山営業所
25%
神奈川支店7036横浜北営業所
25%
四国支店1025大洲営業所
25%
中京支店6830恵那営業所
25%
中京支店6011名東営業所
25%
九州支店0032平戸営業所
25%
九州支店0065竹田営業所
25%
関東支店7012台東営業所
25%
北東北支店8051三陸営業所
25%
関西支店3013淡路島営業所
25%
京都支店4015京都南営業所
25%
関東支店7018墨田営業所
25%
南関東支店7051千葉南営業所
25%
中京支店6140知多営業所
25%
中京支店6183名古屋西営業所
20%
関西支店3028住之江営業所
20%
中国支店2042山陽営業所
20%
南関東支店7511千葉中央営業所
20%
中京支店6190名古屋南営業所
20%
北陸支店5023丸岡営業所
20%
九州支店0016西福岡営業所
20%
神奈川支店7311横浜鶴見営業所
20%
北関東支店7068羽生営業所
20%
南東北支店8028会津田島営業所
20%
関西支店3045須磨営業所
20%
南関東支店7071筑西営業所
20%
中京支店6113名古屋北営業所
20%
四国支店1014東かがわ営業所
20%
関東支店7120城南営業所
20%
中京支店6084郡上営業所
20%
神奈川支店7322座間営業所
20%
関東支店羽田空港営業所
20%
南関東支店7059千葉北営業所
20%
京都支店4014竜王営業所
20%
関西支店3018淀川営業所
20%
関西支店3032藤井寺営業所
20%
北関東支店7611岩槻営業所
20%
東海支店6611菊川営業所
20%
南九州支店0053高鍋営業所
20%
北海道支店9041本別営業所
20%
京都支店3071御所営業所
20%
九州支店0151みやま営業所
20%
南九州支店0026松橋営業所
15%
神奈川支店7341川崎南営業所
15%
関西支店3053加西営業所
15%
九州支店0014東福岡営業所
15%
東海支店6032駿河営業所
15%
中京支店6086美濃加茂営業所
15%
中京支店6822本巣営業所
15%
西関東支店7131武蔵村山営業所
15%
西関東支店7240福生営業所
15%
関東支店7110城北営業所
15%
信越支店5051六日町営業所
15%
神奈川支店7032湘南営業所
15%
南九州支店宮崎空港営業所
15%
北陸支店5032小杉営業所
15%
北海道支店千歳空港営業所
15%
信越支店6043白馬営業所
15%
関東支店7140城東営業所
15%
九州支店0120南福岡営業所
15%
南東北支店8018仙台泉営業所
10%
神奈川支店7312横浜緑営業所
10%
中京支店6802柳津営業所
10%
南九州支店鹿児島空港営業所
10%
南九州支店0023北熊本営業所
10%
南九州支店0202南熊本営業所
10%
関西支店3023東神戸営業所
10%
中京支店中部空港営業所
10%
四国支店松山空港営業所
10%
中国支店2301島根大田営業所
10%
北関東支店7096群馬草津営業所
10%
関西支店3051社営業所
10%
東海支店6031大井川営業所
10%
関西支店3019西大阪営業所
10%
京都支店4018大山崎営業所
10%
京都支店4907京都精華営業所
10%
京都支店4044峰山営業所
10%
京都支店4020湖南営業所
10%
関西支店3027大阪鶴見営業所
10%
関西支店3021北大阪営業所
10%
中国支店2302雲南営業所
10%
関西支店3029此花営業所
10%
関東支店7150城西営業所
10%
中国支店2062倉敷西営業所
10%
西関東支店7041都留営業所
10%
南東北支店仙台空港営業所
10%
中国支店広島空港営業所
10%
北関東支店7085芳賀営業所
10%
四国支店1024東予営業所
10%
南東北支店8231福島国見営業所
10%
神奈川支店7345宮前営業所
10%
九州支店長崎空港営業所
10%
関東支店7259中野山手通り営業所
5%
関東支店7251中野弥生営業所
5%
関東支店7252中野上鷺宮営業所
5%
関東支店7122大田西糀谷営業所
5%
関東支店7253中野東営業所
5%
北海道支店北海道航空営業所
5%
中京支店6184名古屋小田井営業所
5%
九州支店九州航空営業所
5%
中国支店2013西広島営業所
5%
中京支店6180佐屋営業所
5%
中京支店6101名古屋守山営業所
5%
関西支店3103富田林営業所
5%
関西支店3104りんくう営業所
5%
関西支店3011深江営業所
5%
関西支店3100南大阪営業所
5%
関西支店3043西神戸営業所
5%
関西支店関西航空営業所
5%
京都支店3063高野口営業所
5%
北関東支店7615児玉営業所
5%
京都支店3073大和高田営業所
5%
北関東支店7610西埼玉営業所
5%
北陸支店5012柳田営業所
5%
中国支店2022福山北営業所
5%
関東支店7163足立西保木間営業所
5%
信越支店5042越後吉田営業所
5%
信越支店5041中条営業所
5%
西関東支店7043甲州営業所
5%
西関東支店7130三多摩営業所
5%
中国支店岡山空港営業所
5%
神奈川支店7342川崎多摩営業所
5%
神奈川支店7346川崎新羽営業所
5%
南東北支店8017若柳営業所
5%
南東北支店8014東仙台営業所
5%
九州支店0112八幡西営業所
5%
神奈川支店7037横浜瀬谷営業所
5%
神奈川支店7324相模原緑営業所
5%
関東支店関東航空営業所
5%
関東支店7175世田谷用賀営業所
5%
南九州支店沖縄空港営業所
5%

Score Distribution

Percentile by Number Answered

Percent of People with Each Score

Your Score History

You have not taken this quiz